Datum a čas kvízu
41
Celkem bodů
Celkový počet nahraných bodů na tomto kvízu bez doplňovacích otázek.
3.
Pořadí na kvízu
Konečné umístění týmu na tomto kvízu.
Zaznamenané odpovědi
| # | Otázka | Odpověď | Body | Výsledky |
|---|---|---|---|---|
| 1. | Medvědu ušatému jménem Jirka v... | Konopiště | 0 | |
| 2. | V pondělí proběhla inaugurace... | Michelle Obama | 1 | |
| 3. | Reality show Bachelor ve střed... | Sabina (Pšádová) | 0 | |
| 4. | Automobilka Citroën již zaháji... | 2CV (Kachna, Kačena, Kachnička) | 1 | |
| 5. | Ve středu bylo definitivně pot... | Tomáš Drastil | 0 | |
| 6. | Za půl bodu napište, jak se jm... | Tři soutěsky; Čína | 1 | |
| 7. | Zhruba od roku 1989 se v Angli... | přílivová | 1 | |
| 8. | Akademik Lomonosov je ruská ja... | B | 1 | |
| 9. | Pearl Street Station byla prvn... | Thomas Alva Edison | 1 | |
| 10. | Téma zakončíme v České republi... | med | 1 |